Galatians : (Record no. 21047)

MARC details
000 -LEADER
fixed length control field 01892cam a22003854a 4500
001 - CONTROL NUMBER
control field 15532699
003 - CONTROL NUMBER IDENTIFIER
control field OSt
005 - DATE AND TIME OF LATEST TRANSACTION
control field 20251211150107.0
008 - FIXED-LENGTH DATA ELEMENTS--GENERAL INFORMATION
fixed length control field 081124s2008 enk b 000 0 eng
010 ## - LIBRARY OF CONGRESS CONTROL NUMBER
LC control number 2008051171
020 ## - INTERNATIONAL STANDARD BOOK NUMBER
International Standard Book Number 9780830842391
Qualifying information US : pbk. : alk. paper
020 ## - INTERNATIONAL STANDARD BOOK NUMBER
International Standard Book Number 9781844742950
Qualifying information UK : pbk : alk paper
035 ## - SYSTEM CONTROL NUMBER
System control number 15532699
040 ## - CATALOGING SOURCE
Original cataloging agency DLC
Transcribing agency DLC
Modifying agency DLC
050 00 - LIBRARY OF CONGRESS CALL NUMBER
Classification number BS2685.53
Item number .C65 2009
082 00 - DEWEY DECIMAL CLASSIFICATION NUMBER
Classification number 227/.407
Edition number 22
100 1# - MAIN ENTRY--PERSONAL NAME
Personal name Cole, R. A.
Fuller form of name (R. Alan),
Dates associated with a name 1923-
245 10 - TITLE STATEMENT
Title Galatians :
Remainder of title an introduction and commentary /
Statement of responsibility, etc. R. Alan Cole.
250 ## - EDITION STATEMENT
Edition statement 2nd ed.
260 ## - PUBLICATION, DISTRIBUTION, ETC. (IMPRINT)
Place of publication, distribution, etc. Nottingham, England :
Name of publisher, distributor, etc. Inter-Varsity Press ;
Place of publication, distribution, etc. Downers Grove, Ill. :
Name of publisher, distributor, etc. Intervarsity Press,
Date of publication, distribution, etc. 2009.
300 ## - PHYSICAL DESCRIPTION
Extent 242 p. ;
Dimensions 22 cm.
336 ## - CONTENT TYPE
Content type term text
Content type code txt
Source rdacontent
337 ## - MEDIA TYPE
Media type term unmediated
Media type code n
Source rdamedia
338 ## - CARRIER TYPE
Carrier type term volume
Carrier type code nc
Source rdacarrier
490 0# - SERIES STATEMENT
Series statement Tyndale New Testament commentaries ;
Volume/sequential designation v. 9
500 ## - GENERAL NOTE
General note "Quotations from the Bible are taken from the Revised Standard Version."--T.p. verso.
504 ## - BIBLIOGRAPHY, ETC. NOTE
Bibliography, etc Includes bibliographical references.
505 0# - FORMATTED CONTENTS NOTE
Formatted contents note Who were the Galatians -- Why was the letter written? -- When was the letter written? -- Why did the Galatians fall away so soon? -- What is theologically central to the letter? -- The validity of Paul's argument from experience -- Important issues in the letter -- Analysis -- Commentary -- Additional notes -- The meaning of 'pneuma' -- The 'kingdom of god'.
630 00 - SUBJECT ADDED ENTRY--UNIFORM TITLE
Uniform title Bible.
Name of part/section of a work Galatians
Form subdivision Commentaries.
655 #7 - INDEX TERM--GENRE/FORM
Genre/form data or focus term Commentaries.
Source of term lcgft
Authority record control number https://id.loc.gov/authorities/genreForms/gf2025026014
906 ## - LOCAL DATA ELEMENT F, LDF (RLIN)
a 7
b cbc
c orignew
d 1
e ecip
f 20
g y-gencatlg
942 ## - ADDED ENTRY ELEMENTS (KOHA)
Source of classification or shelving scheme Library of Congress Classification
Koha item type General Collection
Holdings
Withdrawn status Lost status Source of classification or shelving scheme Not for loan Home library Current library Shelving location Date acquired Source of acquisition Inventory number Total Checkouts Full call number Barcode Date last seen Copy number Price effective from Koha item type
    Library of Congress Classification   Kabarak, Main Campus Kabarak, Main Campus General Stacks 11/12/2025 Donation 2025/2195   BS2685.53 .C65 2009 C.1 39226 11/12/2025 C.1 11/12/2025 General Collection
Designed with assistance from East African Informatics Ltd